[Event "Collado Villalba 64 op 4th"]
[Site "Collado Villalba"]
[Date "2016.07.23"]
[Round "8"]
[White "Giganto Diaz, Jesus"]
[Black "Enriquez Pastor, Jorge"]
[Result "1/2-1/2"]
[WhiteElo "1296"]
[BlackElo "1403"]
[PlyCount "82"]
[EventDate "2016.07.17"]
[EventType "swiss"]
[EventRounds "9"]
[EventCountry "ESP"]
[SourceTitle "EXT 2017"]
[Source "ChessBase"]
[SourceDate "2016.10.25"]
[SourceVersion "1"]
[SourceVersionDate "2016.10.25"]
[SourceQuality "1"]

1. e4 c6 2. Nc3 d5 3. d4 dxe4 4. Nxe4 Bf5 5. Nc3 e6 6. Nf3 h6 7. Bc4 Nf6 8. 0-0 Bd6 9. Re1 0-0 10. Bd3 Bxd3 11. Qxd3 Qc7 12. h3 Nbd7 13. Ne2 Rfe8 14. c3 Rad8 15. a3 c5 16. Be3 Nd5 17. dxc5 Nxc5 18. Bxc5 Bxc5 19. Qe4 Nf6 20. Qc2 Qb6 21. Ned4 Rc8 22. Rad1 Red8 23. Re2 Bxd4 24. Nxd4 a6 25. Red2 Qc7 26. f3 Nd5 27. Rd3 Qc5 28. Kh1 Qc7 29. Ne2 b5 30. R1d2 Qb6 31. Qd1 Kf8 32. Nf4 Rc5 33. Nxd5 Rcxd5 34. Rxd5 Rxd5 35. Rxd5 exd5 36. Qxd5 g6 37. Qe4 Qf2 38. Qa8+ Kg7 39. Qxa6 Qe1+ 40. Kh2 Qe5+ 41. Kh1 Qe1+ 1/2-1/2